000 01376nam a2200385Ia 4500
001 063864
008 221003m2022 xx 000 0 spa d
035 _aCENDO_53252
041 _aspa
245 0 _a<El> mensaje de subir los sueldos, contener precios y más igualdad recorre las calles de CLM arropado por miles de personas en el 1 de mayo
260 _aToledo :
_bCCOO Castilla-La Mancha,
_c2022
300 _a4 p. ;
_c 30 cm
500 _aEn: Gaceta Sindical Digital : Castilla-La Mancha, n. 447 (mayo 2022), p. 1-4
650 0 _aACTITUD SINDICAL
_961
650 _aCASTILLA-LA MANCHA
_93732
650 0 _aCOMUNIDADES AUTONOMAS
_9344
650 _aMOVIMIENTO OBRERO
_9970
650 0 _aDERECHOS DE LOS TRABAJADORES
_94
650 _aAUMENTO SALARIAL
_93229
650 _aCLASE TRABAJADORA
_9385
650 _aPODER ADQUISITIVO
_921177
650 _aACTITUD DE LOS TRABAJADORES
_9766
650 _aSEGURIDAD EN EL TRABAJO
_9492
650 _aSINDICALISMO
_9189
710 _aCCOO
_bCastilla-La Mancha
_924880
856 _zPDF
_uhttp://docpublicos.ccoo.es/cendoc/063864MensajeSubirSueldos.pdf
901 _a0
903 _aNO
904 _a000
907 _aPrimero de Mayo
953 _d2022-05-10
_yDOCU_ELEC
_hGaceta Sindical Digital : Castilla-La Mancha, n. 447 (mayo 2022), p. 1-4
_tPS120
999 _c53251
_d53251
910 _a2022
942 _cDOCU_ELEC